01502agaaa2200289 45000010005000000030009000050050017000140070009000310080040000400400023000800410013001031000044001161300030001602400043001902450121002332460036003542500022003902600098004123000033005105110015005435200455005585380016010135460013010296500056010427000056010987000058011543917IT-RoPAU20220918181258.0d cvaizq50131s9999||||xx ||| | || ||und|| aIT-RoPAUcIT-RoPAU aITALIANO aDisney WaltgCodice regista SPICS: 7184 aBIANCANEVE E I SETTE NANI aSNOW WHITE AND THE SEVEN DWARFSgT2946 aBIANCANEVE E I SETTE NANIcDiretto da: Disney WaltpBIANCANEVE E I SETTE NANI (Rif. Codice opera principale : D3917) aSNOW WHITE AND THE SEVEN DWARFS aEdizione Standard aMILANO (STATI UNITI)bWALT DISNEY COMPANY / g"1993 (1° ed.: 1994 ; Ed. Lingua Orig.: 1993)" aVHSbsonoro, col.c80 minuti aAnimazione aC'ERA UNA VOLTA UNA REGINA CATTIVA CHE PRETENDEVA DI ESSERE LA DONNA PIU' BELLA DEL MONDO. MA LA FIGLIASTRA BIANCANEVE LA SUPERAVA IN GRAZIA E BELLEZZA E PER QUESTO DOVEVA SOCCOMBERE. BIANCANEVE TROVO' COSI' RIFUGIO NEL BOSCO, OSPITE DI SETTE ADORABILI NANETTI: DOTTO GONGOLO BRONTOLO PISOLO EOLO MAMMOLO E CUCCIOLO. MA UN GIORNO UNA VECCHIETTA MISTERIOSA BUSSA ALLA PORTA EOFFRE A BIANCANEVE LA MELA AVVELENATA. VIDEOCASSETTA IN VERSIONE RESTAURATA. aPAL, STEREO aITALIANO aANIMAZIONEeFILMS [VHS]xCodice MATERIA SPICS: 9960 aDisney Walt e(regista)gCodice regista SPICS: 7184 aDisney Walt e(soggetto)gCodice Soggetto SPICS: 7184